| 000 | 00515nam a22001337a 4500 | ||
|---|---|---|---|
| 082 |
_a621.436 _bROB _cL-12, P-8 |
||
| 100 |
_a William robinson _941909 |
||
| 245 |
_aHeavy-oil engines of Akroyd type _bBeing developments of compression-ignition oil engines, including modern applications to land purposes, marine and airship |
||
| 260 |
_a London, Glasgow, _bBlackie & son limited _c1931. |
||
| 300 |
_a xiii, [2], 142 p. _bill. |
||
| 526 |
_a0 _b0 _c0 _d621_436000000000000_ROB |
||
| 650 |
_aMCE _9379 |
||
| 942 |
_2ddc _cBK |
||
| 999 |
_c545931 _d545931 |
||